00435pam a2200169 a 4500020000500000041000500005100001900010245005000029250000900079260000900088300000800097653001400105700001800119930000700137999001900144952010200163 c h aR. M. Harrison aIntroductory Chemistry for the Envn. Sciences aIInd c1995 a373 achemistry aS. J. de Mora a50 c245903d245903 001040708generalaEVPbEVPd2011-09-19l0o pEVP-1041r2023-04-03 00:00:00t1w2023-04-03yBK